[Event "MCC Melbourne Cup Weekender"]
[Site "Melbourne AUS"]
[Date "2011.10.31"]
[Round "6.2"]
[White "Brown,An"]
[Black "Morris,J"]
[Result "1-0"]
[WhiteElo "2216"]
[BlackElo "2327"]

1.d4 Nf6 2.c4 g6 3.Nc3 d5 4.cxd5 Nxd5 5.e4 Nxc3 6.bxc3 Bg7 7.Bb5+ c6 8.Ba4 O-O
9.Ne2 Qa5 10.O-O Be6 11.Bb3 Bxb3 12.Qxb3 Qa6 13.Re1 Nd7 14.e5 Nb6 15.Rb1 Rac8
16.Ba3 Rc7 17.e6 fxe6 18.Qxe6+ Kh8 19.Bc1 Nd5 20.Bg5 Qxa2 21.Bf4 Rcc8 22.Be5 Qa6
23.h4 b5 24.h5 Bf6 25.hxg6 hxg6 26.g4 Rce8 27.Bg3 Qc8 28.Qe4 Kg7 29.Ra1 Qd7
30.Ra6 Ra8 31.Rea1 Rfc8 32.Kg2 Kf7 33.Qf3 Kg7 34.Qe4 Kf7 35.f3 b4 36.c4 Nb6
37.Nf4 Rg8 38.Rh1 Ke8 39.Ne6 Rc8 40.g5 Bxg5 41.Rh8 Qxe6 42.Qxe6 Rxh8 43.Qxg6+  1-0

[Event "Banicky kahanec 2011"]
[Site "Zajezova SVK"]
[Date "2011.10.31"]
[Round "9"]
[White "Straka,Jos"]
[Black "Csiba,D"]
[Result "1/2-1/2"]
[WhiteElo "2299"]
[BlackElo "2357"]

1.d4 Nf6 2.c4 g6 3.Nc3 d5 4.cxd5 Nxd5 5.e4 Nxc3 6.bxc3 Bg7 7.Bc4 c5 8.Ne2 O-O
9.Be3 Nc6 10.O-O Bd7 11.Rb1  1/2-1/2

[Event "15th OIBM"]
[Site "Bad Wiessee GER"]
[Date "2011.11.01"]
[Round "4.9"]
[White "Bluebaum,M"]
[Black "Zakhartsov,Vi"]
[Result "0-1"]
[WhiteElo "2388"]
[BlackElo "2580"]

1.d4 Nf6 2.c4 g6 3.Nc3 d5 4.cxd5 Nxd5 5.e4 Nxc3 6.bxc3 Bg7 7.Bc4 c5 8.Ne2 Nc6
9.Be3 O-O 10.O-O Qc7 11.Rc1 Rd8 12.Bf4 Qd7 13.dxc5 Qe8 14.Bd5 Bd7 15.Qd3 e6
16.Bb3 e5 17.Bg5 Rdc8 18.Rcd1 Be6 19.Qb5 Rc7 20.Rd2 Rac8 21.Rfd1 Bd7 22.Qd3 Nb8
23.Be3 Bf8 24.Bd5 Bc6 25.Nc1 Bxd5 26.exd5 Bxc5 27.d6 Rd7 28.Bxc5 Rxc5 29.Nb3 Rc6
30.Qb5 b6 31.Re1 Kg7 32.f4 e4 33.Re3 f5 34.Nd4 Rc5 35.Qb3 Kf6 36.Nf3 Nc6
37.c4 Kg7 38.Ng5 Kg8 39.Qb2 Na5 40.Rd4 Rxc4 41.Rd5 Rc6 42.Rxa5 bxa5 43.Qb3+ Kh8
44.Qb2+ Rg7 45.Qf6 Kg8 46.Qd4 Rc1+ 47.Kf2 Rc2+ 48.Kg3 h6 49.Qd5+ Kh8 50.Ne6 Rd7
51.Nc5 Rxc5 52.Qxc5 Qf8 53.Qd4+ Kh7 54.Ra3 Qxd6 55.Qxd6 Rxd6 56.Rxa5 a6 57.Kf2 Kg7
58.Ke3 Kf6 59.g3 g5 60.Ke2 Kg6 61.Ke3 Rd3+ 62.Ke2 gxf4 63.gxf4 Rf3 64.Rxa6+ Kh5
65.a4 Ra3 66.h3 Rxh3  0-1

[Event "II Latin American Cup"]
[Site "Montevideo URU"]
[Date "2011.11.03"]
[Round "4.6"]
[White "Hernandez Carmenates,Hold"]
[Black "Dos Santos,R"]
[Result "1/2-1/2"]
[WhiteElo "2564"]
[BlackElo "2453"]

1.d4 Nf6 2.c4 g6 3.Nc3 d5 4.cxd5 Nxd5 5.e4 Nxc3 6.bxc3 Bg7 7.Bc4 c5 8.Ne2 Nc6
9.Be3 cxd4 10.cxd4 Qa5+ 11.Bd2 Qd8 12.Bc3 O-O 13.O-O Bg4 14.f3 Bd7 15.Qd2 Rc8
16.Rab1 Qc7 17.Rfc1 Ne5 18.dxe5 Qxc4 19.e6 Qxe6 20.Bxg7 Kxg7 21.Rxb7 Rxc1+
22.Nxc1 Rd8 23.Nb3 Qc6 24.Rxa7 Qb6+ 25.Qd4+ Qxd4+ 26.Nxd4 e5 27.Ne2 Be6 28.Nc3 Rd3
29.Nd5 Bxd5 30.exd5 Rxd5 31.a4 Rd2 32.a5 Ra2 33.a6 h5 34.h4 Ra4 35.g3 Ra2
36.Kf1 Kf6 37.Ra8 Kg7 38.Ra7 Kf6 39.Ke1 g5 40.hxg5+ Kxg5 41.Ra8 Kf5 42.a7 Kf6
43.Kd1 Kg7  1/2-1/2

[Event "15th OIBM"]
[Site "Bad Wiessee GER"]
[Date "2011.11.04"]
[Round "7.40"]
[White "Pienabarca,N"]
[Black "Beukema,S"]
[Result "1/2-1/2"]
[WhiteElo "2106"]
[BlackElo "2259"]

1.d4 g6 2.c4 Nf6 3.Nc3 d5 4.cxd5 Nxd5 5.e4 Nxc3 6.bxc3 Bg7 7.Be3 c5 8.Qd2 cxd4
9.cxd4 Nc6 10.Bb5 O-O 11.Ne2 a6 12.Ba4 b5 13.Bb3 Na5 14.O-O Nxb3 15.axb3 Bb7
16.f3 a5 17.Rfc1 b4 18.Rc5 Qb6 19.Qa2 Rfd8 20.Rxa5 e5 21.Rxa8 Bxa8 22.Qa5 Qxa5
23.Rxa5 exd4  1/2-1/2

[Event "1st Panama Open"]
[Site "Panama City PAN"]
[Date "2011.11.05"]
[Round "5.13"]
[White "Gongora Reyes,M"]
[Black "Cu Hor,W"]
[Result "1/2-1/2"]
[WhiteElo "2428"]
[BlackElo "2215"]

1.d4 Nf6 2.c4 g6 3.Nc3 d5 4.cxd5 Nxd5 5.e4 Nxc3 6.bxc3 Bg7 7.Be3 O-O 8.Qd2 c5
9.Rb1 cxd4 10.cxd4 Nc6 11.d5 Qa5 12.Qxa5 Nxa5 13.Nf3 b6 14.Be2 f5 15.O-O fxe4
16.Ng5 Nb7 17.Nxe4 Bf5 18.Rb4 a5 19.Ra4 b5 20.Bxb5 Bxe4 21.Rxe4 Nd6 22.Bd3 Nxe4
23.Bxe4 Rac8 24.g3 Be5 25.Rd1 Kg7 26.f4 Bc3 27.Kf2 Bf6 28.Ke2 Rb8 29.Rd2 Rfc8  1/2-1/2

[Event "TCh-AUT 2 Ost 2011-12"]
[Site "Vienna AUT"]
[Date "2011.11.05"]
[Round "3"]
[White "Kleiser,G"]
[Black "Brod,M"]
[Result "1-0"]
[WhiteElo "2263"]
[BlackElo "2212"]

1.d4 Nf6 2.c4 g6 3.Nc3 d5 4.cxd5 Nxd5 5.e4 Nxc3 6.bxc3 Bg7 7.Nf3 c5 8.Rb1 O-O
9.Be2 b6 10.O-O Bb7 11.Qd3 Ba6 12.Qe3 cxd4 13.cxd4 Qd7 14.Ba3 Bxe2 15.Qxe2 Nc6
16.Qb5 Rfd8 17.d5 Na5 18.Qb4 e6 19.d6 e5 20.Rbc1 Rac8 21.h3 f6 22.Rxc8 Rxc8
23.Qd2 Bf8 24.Bb4 Nc4 25.Qd5+ Kg7 26.Rc1 b5 27.a4 Nb6 28.Qd1 Rxc1 29.Qxc1 Nxa4
30.Nh2 h5 31.g4 Nb6 32.Qd1 h4 33.g5 Nc4 34.gxf6+ Kxf6 35.Ng4+ Kg7 36.Qd5 a5
37.Nxe5 Nxe5 38.Qxe5+ Kf7 39.Qd5+ Ke8 40.Qa8+ Kf7 41.Qxa5 Bxd6 42.Bxd6 Qxd6
43.Qxb5 Qf4 44.Qd5+ Kf6 45.Kf1 g5 46.Kg2 g4 47.Qd8+ Ke5 48.Qd5+ Kf6 49.e5+ Kf5
50.Qd7+ Kxe5 51.hxg4 Qe4+ 52.Kh2 Qf4+ 53.Kg1 Ke4 54.Qa4+ Kf3 55.Qxf4+ Kxf4
56.f3  1-0

[Event "FSFMB November"]
[Site "Budapest HUN"]
[Date "2011.11.07"]
[Round "3"]
[White "Koczo,K"]
[Black "Darazs,Z"]
[Result "1/2-1/2"]
[WhiteElo "2147"]
[BlackElo "2103"]

1.d4 Nf6 2.c4 g6 3.Nc3 d5 4.cxd5 Nxd5 5.e4 Nxc3 6.bxc3 Bg7 7.Be3 c5 8.Rc1 O-O
9.Qd2 Qa5 10.d5 e6 11.c4 Qxd2+ 12.Kxd2 b6 13.Bd3 Nd7 14.f4 Bb7 15.Nf3 f5
16.exf5 exf5 17.Rhe1 h6 18.Bf2 Rfe8 19.Nh4 Kf7 20.Rxe8 Rxe8 21.g4 Nf6 22.gxf5 g5
23.fxg5 hxg5 24.Nf3 Bh6 25.Kc2 g4 26.Nd2 Bxd2 27.Kxd2 Ne4+ 28.Bxe4 Rxe4 29.Bg3 Ba6
30.Bb8 Rxc4 31.Rxc4 Bxc4 32.d6 Bxa2 33.Ke3 Ke8 34.Bxa7 Kd7  1/2-1/2

[Event "FSFMB November"]
[Site "Budapest HUN"]
[Date "2011.11.08"]
[Round "4"]
[White "Lakat,G"]
[Black "Darazs,Z"]
[Result "0-1"]
[WhiteElo "1871"]
[BlackElo "2103"]

1.d4 Nf6 2.c4 g6 3.Nc3 d5 4.cxd5 Nxd5 5.e4 Nxc3 6.bxc3 Bg7 7.Bc4 c5 8.Ne2 Nc6
9.Be3 O-O 10.O-O Qc7 11.Rc1 Rd8 12.f4 e6 13.Kh1 a6 14.a4 Na5 15.Ba2 c4 16.Bb1 f5
17.Bc2 Bd7 18.Rb1 b5 19.g4 bxa4 20.gxf5 gxf5 21.Bxa4 fxe4 22.Ng3 Rab8 23.Bxd7 Qxd7
24.Qg4 Rxb1 25.Rxb1 Nb3 26.Nh5 Kh8 27.Rg1 Bh6 28.Nf6 Qf7 29.Qh4 Rf8 30.Ng4 Bg7
31.Ne5 Bxe5 32.dxe5 a5 33.Rg2 a4 34.Ra2 Qd7 35.Qe1 Ra8 36.f5 exf5 37.Bg5 h5
38.Bf6+ Kh7 39.Qe2 Qf7 40.Qf2 Qg6 41.Qb6 Rg8 42.Qa7+ Kh6 43.Qe3+ f4 44.Qxf4+ Kh7
45.Qf2 e3 46.Qc2 Qxc2 47.Rxc2 Nd2  0-1

[Event "FSFMB November"]
[Site "Budapest HUN"]
[Date "2011.11.11"]
[Round "7"]
[White "Koczo,K"]
[Black "Lakat,G"]
[Result "1-0"]
[WhiteElo "2147"]
[BlackElo "1871"]

1.d4 Nf6 2.c4 g6 3.Nc3 d5 4.cxd5 Nxd5 5.e4 Nxc3 6.bxc3 Bg7 7.Be3 c5 8.Rc1 O-O
9.Qd2 Nc6 10.d5 Na5 11.Bxc5 b6 12.Bd4 Bb7 13.Bxg7 Kxg7 14.c4 Rc8 15.Nf3 e6
16.Be2 exd5 17.exd5 Ba6 18.O-O Qf6 19.Qb4 Rc5 20.Nd2 Re8 21.Bd3 Qd4 22.Qc3 Qxc3
23.Rxc3 b5 24.Ne4 Rxc4 25.Bxc4 Nxc4 26.Nc5 Bc8 27.h3 Re2 28.Rd1 Nd6 29.Nb3 Bf5
30.Nd4 Rxf2 31.Kxf2 Ne4+ 32.Ke1 Nxc3 33.Nxf5+  1-0

[Event "OCF FIDE Fall Open"]
[Site "Oklahoma City USA"]
[Date "2011.11.12"]
[Round "1.2"]
[White "Johnson,C"]
[Black "Maldonado Jr,Ernest"]
[Result "1-0"]
[WhiteElo "1885"]
[BlackElo "1759"]

1.d4 Nf6 2.c4 g6 3.Nc3 d5 4.cxd5 Nxd5 5.e4 Nxc3 6.bxc3 Bg7 7.Bc4 c5 8.Ne2 Nc6
9.Be3 O-O 10.O-O Na5 11.Bd3 b6 12.Rc1 e5 13.Qd2 Re8 14.Bg5 f6 15.Bh6 Be6
16.Bxg7 Kxg7 17.Bb5 Bc4 18.Bxe8 Qxe8 19.dxe5 Rd8 20.exf6+ Kxf6 21.Qe3 Bxa2
22.f4 Bb3 23.f5 g5 24.h4 h6 25.hxg5+ hxg5 26.Qh3 Qh8 27.e5+ Kxe5 28.Qe3+ Kf6
29.Ng3 Qe8 30.Ne4+ Kf7 31.Nxg5+ Kg8 32.Ne6 Rd7 33.Qg5+ Kh8 34.Qh6+ Rh7 35.Qf6+ Kg8
36.Rf4 Bd1 37.Qg6+  1-0

[Event "21st World Seniors"]
[Site "Rijeka CRO"]
[Date "2011.11.15"]
[Round "1.7"]
[White "Svensson,Soren"]
[Black "Jansa,Vl"]
[Result "0-1"]
[WhiteElo "2102"]
[BlackElo "2478"]

1.d4 Nf6 2.c4 g6 3.Nc3 d5 4.cxd5 Nxd5 5.e4 Nxc3 6.bxc3 Bg7 7.Bc4 O-O 8.Ne2 c5
9.O-O Nc6 10.Be3 Na5 11.Bd3 b6 12.Rc1 e6 13.dxc5 Qc7 14.cxb6 axb6 15.Nd4 Nc4
16.Bxc4 Qxc4 17.Qb3 Ba6 18.Rfd1 Rfc8 19.Qxb6 Rab8 20.Qd6 Rb2 21.a3 Bb7 22.Nf3 Qxe4
23.Qe7 Bf8 24.Rd8 Rxd8 25.Qxd8 Qd5 26.Qxd5 Bxd5 27.c4 Bxf3 28.gxf3 Bxa3 29.c5 Rb8
30.Rc4 Kf8 31.Bf4 Rc8 32.Bd6+ Ke8 33.Rc3 Bb4 34.Rc4 Ba5 35.c6 Bc7 36.Bb4 Ra8
37.Bd2 Ke7 38.h3 Ra6 39.Bb4+ Kf6 40.Kf1 e5 41.Ke2 Ke6 42.Rc2 Ra4 43.Bf8 Ra8
44.Bb4 Rb8 45.Ba3 Rb3 46.Bf8 h5 47.Rc1 Rb2+ 48.Kf1 Rb8 49.Bh6 Bd6 50.Be3 Rc8
51.Bb6 Bc7 52.Bxc7 Rxc7 53.Kg2 Kd5 54.Rd1+ Kxc6 55.Kg3 Ra7 56.Rd8 Ra4 57.Re8 h4+
58.Kg2 Kd6 59.Rb8 Ke6 60.Rb6+ Kf5 61.Rb7 f6 62.Rb3 Ra6 63.Rc3 Kg5 64.Rc5 Ra3
65.Rb5 Rd3 66.Ra5 Rd6 67.Ra4 f5 68.Ra5 Re6 69.Rb5 Kf4 70.Rb4+ e4 71.fxe4 Rxe4
72.Rb6 g5 73.Rh6 Rd4 74.Rh8 Rd3 75.Ra8 g4 76.Ra4+ Kg5 77.hxg4 h3+ 78.Kh2 fxg4
79.Ra8 Rf3 80.Ra5+ Rf5 81.Ra2 Kf4 82.Ra3 Re5 83.f3 Re2+ 84.Kg1 g3 85.Ra1 Kxf3
86.Ra3+ Re3 87.Ra1 Rd3 88.Rb1 Ke2  0-1

[Event "WYCC U16 Open"]
[Site "Caldas Novas BRA"]
[Date "2011.11.18"]
[Round "1"]
[White "Javanbakht,N"]
[Black "Puppi Lazo,Jorge Luis"]
[Result "1-0"]
[WhiteElo "2299"]
[BlackElo "1877"]

1.d4 Nf6 2.c4 g6 3.Nc3 d5 4.cxd5 Nxd5 5.e4 Nxc3 6.bxc3 Bg7 7.Bc4 c5 8.Ne2 Nc6
9.Be3 O-O 10.O-O Qc7 11.Rc1 Rd8 12.f4 Bg4 13.f5 Ne5 14.Bb3 c4 15.Bc2 b5 16.h3 Bxe2
17.Qxe2 Nc6 18.e5 Re8 19.e6 fxe6 20.fxe6 Rf8 21.Qh5 Rf6 22.Qxh7+ Kf8 23.Bh6  1-0

[Event "WYCC U16 Girls"]
[Site "Caldas Novas BRA"]
[Date "2011.11.18"]
[Round "1"]
[White "De Melo,Raissa Vieira"]
[Black "Pachon,A"]
[Result "0-1"]
[WhiteElo "1484"]
[BlackElo "2014"]

1.d4 Nf6 2.c4 g6 3.Nc3 d5 4.cxd5 Nxd5 5.e4 Nxc3 6.bxc3 Bg7 7.Nf3 c5 8.Rb1 Nc6
9.d5 Ne5 10.Nxe5 Bxe5 11.f4 Bxc3+ 12.Bd2 Qa5 13.Bb5+ Kf8 14.Bxc3 Qxc3+ 15.Qd2 Qxd2+
16.Kxd2 a6 17.Be2 b5 18.Ke3 Bd7 19.e5 Kg7 20.Bf3 Rab8 21.Rb3 Rhc8 22.Ra3 Rb6
23.Ra5 c4 24.Be4 b4 25.Rb1 c3 26.Bc2 Bf5 27.Bxf5 gxf5 28.Kd3 Rh6 29.h3 Rg6
30.Rg1 Kf8 31.Kc2 Rc4 32.g3 Re4 33.a3 Re2+ 34.Kd3 Rd2+ 35.Ke3 b3 36.Rc5 b2
37.Rc8+ Kg7 38.Rb8 Rxd5 39.g4 Rb5 40.Rxb5 axb5 41.Kd3 fxg4 42.hxg4 Re6 43.Kc2 Rb6
44.f5 Kf8 45.Rg3 Ke8 46.f6 exf6 47.exf6 Kd7 48.g5 b4 49.axb4 Rxb4 50.Rd3+ Ke6
51.Re3+ Kf5  0-1

[Event "WYCC U16 Open"]
[Site "Caldas Novas BRA"]
[Date "2011.11.20"]
[Round "3"]
[White "Javanbakht,N"]
[Black "Kriebel,T"]
[Result "1/2-1/2"]
[WhiteElo "2299"]
[BlackElo "2359"]

1.d4 Nf6 2.c4 g6 3.Nc3 d5 4.cxd5 Nxd5 5.e4 Nxc3 6.bxc3 Bg7 7.Bc4 c5 8.Ne2 O-O
9.O-O Nc6 10.Be3 e6 11.Rc1 Qa5 12.Qb3 Qc7 13.Qa3 b6 14.Bf4 e5 15.Be3 Qe7
16.Bd5 Bb7 17.dxc5 Rad8 18.Rb1 Na5 19.Bxb7 Nxb7 20.Qxa7 Ra8 21.Qxb6 Nxc5
22.f3 Rxa2 23.Nc1 Ra6 24.Qb4 Qc7 25.Bf2 Nd7 26.Qb7 Rc6 27.Qxc7 Rxc7 28.Rd1 Nf6
29.Nd3 Nh5 30.g3 f5 31.exf5 gxf5 32.Rbc1 Nf6 33.Rd2 e4 34.Nb4 exf3  1/2-1/2

[Event "TCh-FIN SM-Liiga 2011-12"]
[Site "Porvoo FIN"]
[Date "2011.11.20"]
[Round "6.2"]
[White "Agopov,M"]
[Black "Holmsten,A"]
[Result "1-0"]
[WhiteElo "2445"]
[BlackElo "2350"]

1.d4 Nf6 2.c4 g6 3.Nc3 d5 4.cxd5 Nxd5 5.e4 Nxc3 6.bxc3 Bg7 7.Bc4 O-O 8.Ne2 c5
9.O-O Qc7 10.Bb3 b5 11.Bf4 e5 12.dxe5 c4 13.e6 Be5 14.exf7+ Rxf7 15.Bxe5 Qxe5
16.Bc2 Rd7 17.Qc1 Bb7 18.Qe3 Nc6 19.f4 Qe7 20.e5 Rad8 21.Rf2 b4 22.Raf1 bxc3
23.Nxc3 Nb4 24.Be4 Rd3 25.Bxd3 Rxd3 26.Qxa7 Rxc3 27.Qb8+ Kg7 28.f5 gxf5 29.Rxf5 Bd5
30.e6 Nc6 31.Rf7+ Kh6 32.Qf4+  1-0

[Event "TCh-ESP CECLUB Div Honor 2011"]
[Site "Melilla ESP"]
[Date "2011.11.22"]
[Round "2"]
[White "Del Rio de Angelis,S"]
[Black "Salgado Lopez,I"]
[Result "0-1"]
[WhiteElo "2534"]
[BlackElo "2621"]

1.d4 Nf6 2.c4 g6 3.Nc3 d5 4.cxd5 Nxd5 5.e4 Nxc3 6.bxc3 Bg7 7.Nf3 c5 8.Rb1 O-O
9.Be2 b6 10.O-O Bb7 11.d5 Bxc3 12.h4 Bg7 13.h5 Qd6 14.hxg6 Qxg6 15.Bd3 Qg4
16.e5 Kh8 17.Bxh7 e6 18.Ng5 Qxd1 19.Rxd1 Bxd5 20.Rxd5 exd5 21.Rb3 Bxe5 22.Rh3 Kg7
23.Nf3 Rh8 24.Bh6+ Kxh7 25.Nxe5 Re8 26.Bg5+ Kg7 27.Bh6+ Kf6 28.Rf3+ Ke6 29.Nxf7 Nd7
30.g4 Rg8 31.Ng5+ Kd6 32.Kg2 Rg6 33.Kg3 Rag8 34.Nf7+ Ke6 35.g5 Nf6  0-1

[Event "21st World Seniors"]
[Site "Rijeka CRO"]
[Date "2011.11.22"]
[Round "7.35"]
[White "Hoeschele,HU"]
[Black "Rosino,A"]
[Result "1/2-1/2"]
[WhiteElo "2137"]
[BlackElo "2231"]

1.d4 Nf6 2.c4 g6 3.Nc3 d5 4.cxd5 Nxd5 5.e4 Nxc3 6.bxc3 Bg7 7.Bc4 c5 8.Ne2 Nc6
9.Be3 O-O 10.O-O Bg4 11.f3 Na5 12.Bd3 cxd4 13.cxd4 Be6 14.Qa4 a6 15.Qb4 b5
16.d5 Bxa1 17.Rxa1 f6 18.Nd4 Bd7 19.Bd2 Nb7 20.Re1 a5 21.Qb1 Nc5 22.Bc2 e5
23.dxe6 Bxe6 24.Be3 Rc8 25.Nxe6 Nxe6 26.Bb3 Qe7 27.Bd5 Rfe8 28.Qxb5 Qb4 29.Rb1 Qxb5
30.Rxb5 Kg7 31.Rxa5 Re7 32.Bb3 Rc3 33.Kf2 g5 34.h3 h6 35.h4 Rd3 36.hxg5 hxg5
37.g3 Nd8 38.Ke2 Rdd7 39.Bd5 Nb7 40.Rb5 Nd6 41.Rb8 Re8 42.Rb6 Nc8 43.Ra6 Ne7
44.Bb3 Rb8 45.e5 fxe5 46.Bxg5 Nd5 47.Bh6+ Kh8 48.Bd2 Rb6 49.Rxb6 Nxb6 50.Bc3 Re7
51.f4 Nd7 52.f5 Kg7 53.Bb4 Re8 54.Be6 Nf8 55.Bd5 Kf6 56.g4 Nh7 57.Bd2 Rd8
58.Bf3 Ng5 59.Bc6 Rd4 60.a4 Rxg4 61.a5 Rc4 62.Bb7 Ra4 63.a6 Nf7 64.Be3 Nd6
65.Bb6 Kxf5 66.Bc7 Ke6 67.Bxd6 Kxd6 68.Ke3 Kc5 69.Kd3 Kd6 70.Ke3 Ke7 71.Kf3 Ke6
72.Ke3 Ra1 73.Kf3 Ra2 74.Ke4 Ra3 75.Bc8+ Kd6 76.Bb7 Ra4+ 77.Ke3 Kc5 78.Bc8 Kd6
79.Bb7 Ke6 80.Bc8+ Kd6  1/2-1/2

[Event "Cultural Village Tournament"]
[Site "Wijk aan Zee NED"]
[Date "2011.11.24"]
[Round "4.5"]
[White "Peelen,P"]
[Black "Adhiban,B"]
[Result "1/2-1/2"]
[WhiteElo "2362"]
[BlackElo "2544"]

1.d4 Nf6 2.c4 g6 3.Nc3 d5 4.cxd5 Nxd5 5.e4 Nxc3 6.bxc3 Bg7 7.Nf3 c5 8.Be3 cxd4
9.cxd4 Bg4 10.Be2 Qa5+ 11.Qd2 Qxd2+ 12.Nxd2 Bxe2 13.Kxe2 Nc6 14.d5 Na5 15.Rac1 Kd7
16.Bc5 Bb2 17.Rc2 Rhc8 18.Kd3 Be5 19.Rhc1 b6 20.Nf3 Bf4 21.Be3 Rxc2 22.Rxc2 Bxe3
23.Ne5+ Ke8 24.Kxe3 f6 25.Nf3 Kd7 26.Nd4 Rc8 27.Rxc8 Kxc8 28.f4 Nc4+ 29.Kd3 Nb2+
30.Kc2 Nc4 31.Kd3 Nb2+ 32.Kc2 Nc4  1/2-1/2

[Event "TCh-CZE Liga1 Vychod"]
[Site "Czech Rep CZE"]
[Date "2011.11.26"]
[Round "5.2"]
[White "Roubalik,J"]
[Black "Plat,V"]
[Result "1/2-1/2"]
[WhiteElo "2307"]
[BlackElo "2419"]

1.d4 Nf6 2.c4 g6 3.Nc3 d5 4.cxd5 Nxd5 5.e4 Nxc3 6.bxc3 Bg7 7.Nf3 c5 8.Be3 Nc6
9.Rc1 Qa5 10.Qd2 O-O 11.d5 Rd8 12.Bd3 Bg4 13.O-O Bxf3 14.gxf3 e6 15.Bg5 Rd6
16.Bf4 Ne5 17.Bxe5 Bxe5 18.f4 Bg7 19.Rfd1 Bh6 20.Rb1 Qc7 21.Bc4 e5 22.Qb2 Rb6
23.d6 Qd7 24.Qe2 Rxb1 25.Rxb1 Bxf4 26.Qd3 Rd8 27.h3 Kg7 28.Kg2 g5 29.Qe2 Kg6
30.Qg4 h5 31.Qxd7 Rxd7 32.Rd1 a6 33.a4 g4 34.hxg4 hxg4 35.Be2 Kg5 36.Bc4 Kg6
37.Kf1 Bh6 38.Bd5 Bf8 39.Rb1 Rxd6 40.Rxb7 Rf6 41.Kg2 Bh6 42.Rc7 Bd2 43.Rxc5 Rf3
44.Rc6+ Kg7 45.Rb6 Be1 46.Rb2 Rxc3 47.Kf1 Rc1 48.Rb7 Ba5+ 49.Kg2 Kg6 50.Bxf7+ Kg5
51.Be6 Bc7 52.Rb3 Ra1 53.Bd7 Rd1 54.Bc8 Rd4 55.Bxa6 Rxa4 56.Bb7 Ra2 57.Bc8  1/2-1/2

[Event "Frauenbundesliga 2011-12"]
[Site "Germany GER"]
[Date "2011.11.26"]
[Round "3.4"]
[White "Girya, Olga"]
[Black "Frey, Alisa"]
[Result "1-0"]
[WhiteElo "2390"]
[BlackElo "2104"]

1.d4 Nf6 2.c4 g6 3.Nc3 d5 4.cxd5 Nxd5 5.e4 Nxc3 6.bxc3 Bg7 7.Nf3 c5 8.Be3 Qa5
9.Bd2 Qd8 10.Bb5+ Bd7 11.Be2 O-O 12.Rb1 a6 13.O-O Qc7 14.h3 b5 15.Bg5 Re8
16.Qd2 Bc6 17.d5 Bb7 18.a4 bxa4 19.Bf4 Qc8 20.Qb2 e5 21.dxe6 Bxe4 22.exf7+ Kxf7
23.Ng5+ Kg8 24.Bc4+  1-0

[Event "TCh-ESP CECLUB Div Honor 2011"]
[Site "Melilla ESP"]
[Date "2011.11.26"]
[Round "7"]
[White "Graf,A"]
[Black "Fernandez Garcia,JoseL1"]
[Result "1-0"]
[WhiteElo "2633"]
[BlackElo "2434"]

1.d4 Nf6 2.c4 g6 3.Nc3 d5 4.cxd5 Nxd5 5.e4 Nxc3 6.bxc3 Bg7 7.Be3 c5 8.Qd2 cxd4
9.cxd4 Nc6 10.Bb5 O-O 11.Ne2 Bd7 12.Rb1 a6 13.Bd3 b5 14.Bh6 Qa5 15.Bxg7 Kxg7
16.Qxa5 Nxa5 17.Kd2 f5 18.f3 Rac8 19.Rhc1 fxe4 20.fxe4 Rf2 21.Rxc8 Bxc8 22.Rg1 Bg4
23.Ke3 Bxe2 24.Bxe2 Rf6 25.d5 e5 26.Rc1 Nb7 27.Rc7+ Rf7 28.Rc6 Rf6 29.a4 Nd6
30.Bd3 h5 31.Ke2 bxa4 32.Rxa6 Kh6 33.Rxa4 Kg5 34.Ke3 Rf8 35.Ra6 Rd8 36.Be2 Kf6
37.h4 Ke7 38.g4 hxg4 39.Bxg4 Rb8 40.Ra4 Rb3+ 41.Kf2 Rc3 42.Bf3 Rc2+ 43.Kg3 Rc4
44.Ra7+ Kf6 45.Ra6 Ke7 46.Kg4 Nxe4 47.Bxe4 Rxe4+ 48.Kg5 Re1 49.Kxg6 e4 50.Kf5 e3
51.Ke5 e2 52.Ra7+ Kd8 53.Kd6 Rc1 54.Ra8+ Rc8 55.Ra1 Rc4 56.h5 Kc8 57.Ra8+ Kb7
58.Re8 Rh4 59.Re7+ Kb8 60.Rxe2 Rxh5 61.Kc6 Rh1 62.d6 Rh8 63.Ra2 Rc8+  1-0

[Event "TCh-ESP CECLUB Div Honor 2011"]
[Site "Melilla ESP"]
[Date "2011.11.26"]
[Round "7"]
[White "Del Rio de Angelis,S"]
[Black "Kasimdzhanov,R"]
[Result "1/2-1/2"]
[WhiteElo "2534"]
[BlackElo "2675"]

1.d4 Nf6 2.c4 g6 3.Nc3 d5 4.cxd5 Nxd5 5.e4 Nxc3 6.bxc3 Bg7 7.Nf3 c5 8.Rb1 O-O
9.Be2 Nc6 10.d5 Ne5 11.Nxe5 Bxe5 12.Qd2 e6 13.f4 Bc7 14.O-O exd5 15.exd5 Ba5
16.d6 Rb8 17.Ba3 Bf5 18.Rbc1 b6 19.g4 Bd7 20.f5 Qh4 21.Bf3 Rbd8 22.fxg6 hxg6
23.Qf4 Qh8 24.Bb2 Be6 25.Rf2 c4 26.Ba3 b5 27.Bc5 Bb6 28.Bxb6 axb6 29.Rb2 Qh3
30.Rd1 Bd7 31.Re2 b4 32.cxb4 c3 33.Rc1 Rc8 34.Re7 Bb5 35.Bd5 Qh7 36.d7 Rcd8
37.Rxc3 Bxd7 38.Qf6 Be8 39.Re5 Bd7 40.Rg5 Be6 41.Rd3 Qg7  1/2-1/2

[Event "X Mario Covas"]
[Site "Santos BRA"]
[Date "2011.11.26"]
[Round "1.3"]
[White "Mareco,S"]
[Black "Barbosa,Ev"]
[Result "1-0"]
[WhiteElo "2583"]
[BlackElo "2412"]

1.d4 Nf6 2.c4 g6 3.Nc3 d5 4.cxd5 Nxd5 5.e4 Nxc3 6.bxc3 Bg7 7.Bc4 c5 8.Ne2 Nc6
9.Be3 O-O 10.O-O Qc7 11.Rc1 b6 12.Qd2 Bb7 13.Bh6 Rad8 14.Bxg7 Kxg7 15.Qe3 e5
16.Bd5 Na5 17.Bxb7 Qxb7 18.f4 Nc4 19.Qd3 Nd6 20.d5 Rfe8 21.f5 gxf5 22.exf5 Kh8
23.c4 b5 24.cxb5 c4 25.Qe3 Qxb5 26.Qh6 Qxd5 27.Qf6+ Kg8 28.Ng3 Qd4+ 29.Kh1 Qg4
30.Rce1 Qg7 31.Nh5 Qxf6 32.Nxf6+ Kf8 33.Nxe8 Rxe8 34.Re3 f6 35.g4 h6 36.Rd1 Ke7
37.Ra3 Nb5 38.Ra5 Nd4 39.Rc5 Rb8 40.Rxc4 Rb2 41.Rc7+ Kd6 42.Rf7 Kd5 43.Rxf6 e4
44.Ra6 Rf2 45.Ra5+  1-0

[Event "45th ch-RSA 2011"]
[Site "Cape Town RSA"]
[Date "2011.11.27"]
[Round "3"]
[White "Klaasen,C"]
[Black "Mosetlhe,K"]
[Result "1/2-1/2"]
[WhiteElo "2093"]
[BlackElo "2138"]

1.d4 Nf6 2.c4 g6 3.Nc3 d5 4.cxd5 Nxd5 5.e4 Nxc3 6.bxc3 Bg7 7.Nf3 c5 8.Bb5+ Nc6
9.O-O O-O 10.Be3 cxd4 11.cxd4 Bg4 12.Bxc6 bxc6 13.Rc1 Rc8 14.Rc4 Qa5 15.Qd2 Qa6
16.Rfc1 Bxf3 17.gxf3 Rfd8 18.f4 e6 19.Qc2 Bf8 20.a4 Qa5 21.Qd2 Qh5 22.Qd1 Qh4
23.Qf3 Rd6 24.Kg2 h5 25.e5 Rd5 26.Rxc6 Rxc6 27.Rxc6 Qd8 28.Qe2 Kg7 29.Qc4 Qh4
30.h3 Be7 31.Qc1 Bd8 32.f3 Bb6 33.Rd6 Ra5 34.Qd1 g5 35.fxg5 Rxe5 36.dxe5 Bxe3
37.Qf1 Qxg5+ 38.Kh1 Qxe5 39.Qg2+ Kf6 40.Rd1  1/2-1/2

[Event "TCh-HUN 2011-12"]
[Site "Nagykanizsa HUN"]
[Date "2011.11.27"]
[Round "4"]
[White "Koczka,Z"]
[Black "Gara,T"]
[Result "1/2-1/2"]
[WhiteElo "2243"]
[BlackElo "2375"]

1.d4 Nf6 2.c4 g6 3.Nc3 d5 4.cxd5 Nxd5 5.e4 Nxc3 6.bxc3 Bg7 7.Bc4 c5 8.Ne2 O-O
9.O-O Nc6 10.Be3 Bg4 11.f3 Bd7 12.Rb1 Rc8 13.Bd3 Qc7 14.Qd2 Rfd8 15.Rfc1 a6
16.Qb2 b5 17.a4 bxa4 18.Bxa6 Rb8 19.Qa2 Na5 20.Bc4 Nxc4 21.Qxc4 Rbc8 22.dxc5 Be5
23.h3 Bd6 24.Rd1 a3 25.Ra1 Qa7 26.Kh1 Bxc5 27.Bxc5 Rxc5 28.Qb4 Qc7 29.Qxa3 Qc8
30.Qa7 Rc7 31.Qd4 Re8 32.Kh2 Bb5 33.Rd2  1/2-1/2

[Event "X Mario Covas"]
[Site "Santos BRA"]
[Date "2011.11.27"]
[Round "2.5"]
[White "Molina,Rob"]
[Black "Fusco,L"]
[Result "1/2-1/2"]
[WhiteElo "2418"]
[BlackElo "2383"]

1.d4 Nf6 2.c4 g6 3.Nc3 d5 4.cxd5 Nxd5 5.e4 Nxc3 6.bxc3 Bg7 7.Bc4 c5 8.Ne2 Nc6
9.Be3 O-O 10.O-O b6 11.Rc1 Bb7 12.Qd2 Rc8 13.Rfd1 Na5 14.Bd3 cxd4 15.cxd4 Qd7
16.Bh6 Rxc1 17.Rxc1 Rc8 18.Rxc8+ Bxc8 19.Bxg7 Kxg7 20.Qc3 Qc6 21.f3 Qxc3
22.Nxc3 Nc6 23.d5 Nb4 24.Bb1 Bd7 25.Kf2 e5 26.Ke3 f6  1/2-1/2

[Event "X Mario Covas"]
[Site "Santos BRA"]
[Date "2011.11.27"]
[Round "3.4"]
[White "Coelho,L"]
[Black "Barbosa,Ev"]
[Result "1/2-1/2"]
[WhiteElo "2392"]
[BlackElo "2412"]

1.d4 Nf6 2.c4 g6 3.Nc3 d5 4.cxd5 Nxd5 5.e4 Nxc3 6.bxc3 Bg7 7.Be3 c5 8.Rc1 Qa5
9.Qd2 cxd4 10.cxd4 Qxd2+ 11.Bxd2 O-O 12.Nf3 Bg4 13.d5 Nd7 14.Bd3 Rac8 15.O-O Nc5
16.Bb1 e6 17.Bg5 b6 18.h3 Bxf3 19.gxf3 exd5 20.exd5 Rfe8 21.Rfd1 Be5 22.f4 Bd6
23.f5 Re2 24.Rd2  1/2-1/2

[Event "TCh-SVK Extraliga 2011-12"]
[Site "Slovakia SVK"]
[Date "2011.11.27"]
[Round "4"]
[White "Straka,Joz"]
[Black "Pinter,E"]
[Result "1/2-1/2"]
[WhiteElo "1993"]
[BlackElo "2383"]

1.d4 Nf6 2.c4 g6 3.Nc3 d5 4.cxd5 Nxd5 5.e4 Nxc3 6.bxc3 Bg7 7.Bc4 c5 8.Ne2 O-O
9.O-O Nc6 10.Be3 Bd7 11.h3 Rc8 12.Rc1 Na5 13.Bd3 b6 14.d5 c4 15.Bb1 e6 16.dxe6 fxe6
17.f4 Qe7 18.e5 Rfd8 19.Nd4 Nc6 20.Qg4 Nxd4 21.Bxd4 Be8 22.h4 b5 23.h5 gxh5
24.Qg3 Rc6 25.Rce1 b4 26.f5 exf5 27.Bxf5 bxc3 28.Bxc3 Bg6 29.Kh1 Rf8 30.Bxg6 Rxf1+
31.Rxf1 hxg6 32.Rf6 Qe8 33.Rxc6 Qxc6 34.Qe3 a6 35.a3 Qe6 36.Qe4 Bf8 37.a4 Be7
38.a5 Kf7 39.Qf4+ Ke8 40.Qe4 Kf7 41.Qf4+ Kg8 42.Qe4 Bc5 43.Kh2 Bf8 44.Qd4 Be7
45.Qe4 h4 46.Qa8+ Kg7 47.Qe8 g5 48.g4 hxg3+ 49.Kxg3 Kh6 50.Bb2 Kh7 51.Bc3 Kh6
52.Bb2 Kh7 53.Bc3  1/2-1/2

[Event "61st ch-GRE 2011"]
[Site "Chania GRE"]
[Date "2011.11.28"]
[Round "2"]
[White "Pavlidis,Ana"]
[Black "Aggelis,N"]
[Result "1-0"]
[WhiteElo "2352"]
[BlackElo "2310"]

1.d4 Nf6 2.c4 g6 3.Nc3 d5 4.cxd5 Nxd5 5.e4 Nxc3 6.bxc3 Bg7 7.Nf3 c5 8.Rb1 O-O
9.Be2 b6 10.O-O Bb7 11.Qd3 Ba6 12.Qe3 e6 13.Rd1 Bxe2 14.Qxe2 Qd7 15.dxc5 Qc7
16.cxb6 axb6 17.Be3 Nd7 18.Qb5 Nc5 19.e5 Rxa2 20.Qxb6 Qxb6 21.Rxb6 Nd3 22.Rb5 Nb2
23.Rb1 Na4 24.Bd4 Rc2 25.R5b3 f6 26.Ne1 Ra2 27.f4 g5 28.exf6 Bxf6 29.Bxf6 Rxf6
30.fxg5 Rf8 31.c4 Nc5 32.Rb8 Re2 33.Nf3 Re4 34.Rxf8+ Kxf8 35.Rc1 Kg7 36.Rc2 Kg6
37.h3 Kf5 38.Kf2 e5 39.Rc3 Rf4 40.Ke3 Re4+ 41.Kd2 Kf4 42.h4 Kg4 43.Re3 Kf4
44.Rxe4+ Nxe4+ 45.Kc2 Nc5 46.h5 Nd7 47.c5 Kf5 48.c6 Nb6 49.g6 hxg6 50.h6 Kf6
51.Nxe5 Nc8 52.c7 g5 53.Kc3 Nd6 54.Kb4  1-0